00434nam a2200169Ia 4500003000400000005001700004008004100021020001800062040000700080041000800087082001500095100004200110245005000152260003300202300001600235365001300251OSt20230411104526.0210423s2010 xx 000 0 und d a9788120328563 cAL aeng a658.3 DASS aDAS (Saritprava);DESHPANDE (Bharati). aHuman resource management in the new economy. aNew DelhibExcel Booksc2010 avii,347bPB b495cINR